Redensarten - Statistiken

Allgemein
  • Dieses Quiz wurde 902 mal gespielt
    777 seit der letzten Aktualisierung
  • Das Durchschnittsergebnis liegt bei 45 aus 65
Antwortstatistiken
Hint Antwort % Korrekt
das fünfte Rad am ... sein Wagen
97%
sein blaues ... erleben Wunder
95%
sein blaues ... erleben Wunder
95%
für jemanden die Hand ins ... legen Feuer
93%
zwei linke ... haben Hände
93%
in den ... Apfel beissen sauren
93%
etwas auf die leichte ... nehmen Schulter
93%
ins Fettnäpfchen ... treten
93%
ein ... im Auge sein Dorn
91%
das Herz auf dem rechten ... haben Fleck
91%
... ins Feuer giessen Öl
91%
keinen blassen ... haben Schimmer
91%
ein Herz und eine ... sein Seele
91%
sich wie ein ... im Porzellanladen benehmen Elefant
90%
gegen den ... schwimmen Strom
90%
mit dem Kopf durch die ... wollen Wand
89%
die ... aus dem Sack lassen Katze
88%
jemandem Steine in den ... legen Weg
88%
Mehr Glück als ... haben Verstand
87%
kalte ... bekommen Füsse
86%
etwas aus dem ... schütteln Ärmel
85%
jemanden auf die ... spannen Folter
85%
das schwarze ... sein Schaf
85%
sich in die ... des Löwen wagen Höhle
84%
aus einer ... einen Elefanten machen Mücke
84%
Hopfen und ... verloren sein Malz
83%
die Katze im .. kaufen Sack
83%
jemandem einen ... aufbinden Bären
82%
Krokodilstränen ... weinen
81%
den ... auf den Kopf treffen Nagel
80%
aufs falsche ... setzen Pferd
79%
ein Haar in der ... suchen Suppe
79%
Feuer und ... sein Flamme
77%
auf keinen grünen ... kommen Zweig
75%
die ... ins Korn werfen Flinte
74%
sich ein ... fassen Herz
74%
die ... vom Weizen trennen Spreu
74%
jemandem aus der Hand ... fressen
73%
mit jemandem Pferde ... können stehlen
73%
etwas durch die ... sagen Blume
70%
wie ein begossener ... dastehen Pudel
65%
sich mit fremden ... schmücken Federn
64%
jemanden in die ... schicken Wüste
62%
mit dem ... am Ende sein Latein
61%
seine Hände in ... waschen Unschuld
60%
den ... riechen Braten
58%
das ... begraben Kriegsbeil
56%
ein dickes ... haben Fell
54%
eine ruhige ... schieben Kugel
53%
kein Wässerchen ... können trüben
48%
das ... an der Waage sein Zünglein
48%
bei jemandem einen Stein im ... haben Brett
47%
jemandem das ... legen Handwerk
46%
den ... verlieren Faden
44%
jemandem einen ... geben Korb
44%
mit Kanonen auf ... schiessen Spatzen
44%
... bekennen Farbe
43%
unter die Haube ... kommen
41%
... vor die Säue werfen Perlen
39%
... blasen Trübsal
36%
etwas auf dem ... haben Kerbholz
35%
jemandem einen ... verpassen Denkzettel
34%
jemanden wie ... behandeln Luft
33%
etwas in den Wind ... schlagen
16%
für jemanden die ... aus dem Feuer holen Kastanien
13%
Keine übereinstimmenden Quizze gefunden
Verteilung der Resultate
Anzahl Personen mit jedem Resultat
Perzentil nach korrekt beantworteten Fragen
Ihre Resultats-Entwicklung
Sie haben dieses Quiz seit der letzten Aktualisierung nicht gespielt